00820nam a2200229 a 450000100060000000300080000600500170001400800410003102000160007203500190008804000350010704100080014208200200015010000330017024500750020326000620027830000270034049000620036750400520042965000400048183000690052160809BD-RjUL20211209080902.0170103s1976 onc b 001 0 eng  a0802033369  a(BD-RjUL)60933 aBD-RjULcBD-RjULdBD-RjULbeng aeng00223a378.71bHAH1 aHarris, Robin Sutton,d1919-12aA history of higher education in Canada, 1663-1960 /cRobin S. Harris. aToronto ;aBuffalo :bUniversity of Toronto Press,cc1976 axxiv, 715 p. ;c24 cm.1 aStudies in the history of higher education in Canada ;v7 aBibliography: p. [631]-688. and Includes index. 0aEducation, HigherzCanadaxHistory. 0aEtudes sur l'histoire d'enseignement supérieur au Canada ;v7.